Beliebteste Jungennnamen von 1970 bis 1974 in Deutschland - Statistiken

Allgemein
  • Dieses Quiz wurde 51 mal gespielt
  • Das Durchschnittsergebnis liegt bei 60 aus 125
Antwortstatistiken
Hint 1890 % Korrekt
4 | 5 | 11 Friedrich
78%
15 | 20 | 21 | 23 Johann
75%
11 | 13 | 23 | 25 Adolf
70%
3 | 4 | 5 | 7 Heinrich
68%
2 Wilhelm
68%
3 | 7 | 9 Hans
65%
1 | 3 Karl
63%
6 | 7 | 9 Paul
63%
25 Peter
63%
22 Ludwig
60%
3 | 6 | 7 | 10 Otto
60%
11 | 12 | 15 | 23 Johannes
58%
10 | 12 | 13 | +2 others Franz
55%
25 Josef
53%
17 | 24 Erich
43%
8 | 9 | 10 Ernst
43%
1 | 4 | 5 | 11 Hermann
43%
9 | 10 | 16 | 21 Max
43%
25 Rudolf
43%
9 | 10 | 13 | +2 others Walter
43%
14 | 19 Albert
40%
16 | 21 Rudolf
40%
11 | 13 | 14 | 25 Fritz
38%
18 | 20 Robert
38%
18 | 19 | 21 | 22 Georg
35%
24 Kurt
35%
17 | 23 | 24 Alfred
30%
14 | 15 | 16 | 24 Emil
30%
16 | 17 | 22 Richard
28%
8 | 12 | 15 | +2 others August
25%
8 | 14 | 19 | 20 Gustav
25%
12 | 22 | 23 Arthur
23%
20 Hugo
23%
12 | 13 | 16 | +2 others Willi
20%
Keine übereinstimmenden Quizze gefunden
Verteilung der Resultate
Anzahl Personen mit jedem Resultat
Perzentil nach korrekt beantworteten Fragen
Ihre Resultats-Entwicklung
Sie haben dieses Quiz noch nicht gespielt